Carlo Ancelotti's Managerial Career - Sudden Death - Statistics

General Stats
  • This quiz has been taken 40 times
  • The average score is 7 of 10
Answers on the Grid
Answers color-coded by a green-red scale on the quiz's grid according to % correct below.
AC Milan
Ajax
Al - Hilal
AS Monaco
AS Roma
Athletic Bilbao
Atletico Madrid
Bayern Munich
Blackburn Rovers
Boca Juniors
Chelsea
Como
Espanyol
Everton
Galatasaray
Inter Milan
Juventus
Liverpool
Manchester City
Manchester United
Minnesota United
Napoli
Newcastle United
Olympique Lyon
Paris Saint - Germain
Parma
Real Madrid
Reggiana
Sporting CP
Tottenham Hotspur
 
Answer Stats
Answer % Correct
AC Milan
90%
Real Madrid
90%
Chelsea
84%
Bayern Munich
81%
Everton
81%
Napoli
61%
Paris Saint - Germain
61%
Parma
58%
Juventus
52%
Reggiana
45%
No matching quizzes found
Score Distribution
Percent of People with Each Score
Percentile by Number Answered
Your Score History
You have not taken this quiz